Think : (Record no. 20790)

MARC details
000 -LEADER
fixed length control field 01835cam a2200373 a 4500
001 - CONTROL NUMBER
control field 16011978
003 - CONTROL NUMBER IDENTIFIER
control field OSt
005 - DATE AND TIME OF LATEST TRANSACTION
control field 20251128145825.0
008 - FIXED-LENGTH DATA ELEMENTS--GENERAL INFORMATION
fixed length control field 091208s2010 ilu b 001 0 eng
010 ## - LIBRARY OF CONGRESS CONTROL NUMBER
LC control number 2009051489
020 ## - INTERNATIONAL STANDARD BOOK NUMBER
International Standard Book Number 9781433520716
Qualifying information tpb
020 ## - INTERNATIONAL STANDARD BOOK NUMBER
International Standard Book Number 9781433520723
Qualifying information hb
020 ## - INTERNATIONAL STANDARD BOOK NUMBER
International Standard Book Number 9781433520730
Qualifying information mobipocket
020 ## - INTERNATIONAL STANDARD BOOK NUMBER
International Standard Book Number 9781433520747
Qualifying information ebk
035 ## - SYSTEM CONTROL NUMBER
System control number 16011978
040 ## - CATALOGING SOURCE
Original cataloging agency DLC
Transcribing agency DLC
050 00 - LIBRARY OF CONGRESS CALL NUMBER
Classification number BV4598.4
Item number .P56 2010
082 00 - DEWEY DECIMAL CLASSIFICATION NUMBER
Classification number 230.01
Edition number 22
100 1# - MAIN ENTRY--PERSONAL NAME
Personal name Piper, John,
Dates associated with a name 1946-
245 10 - TITLE STATEMENT
Title Think :
Remainder of title the life of the mind and the love of God /
Statement of responsibility, etc. John Piper.
260 ## - PUBLICATION, DISTRIBUTION, ETC. (IMPRINT)
Place of publication, distribution, etc. Wheaton, Ill. :
Name of publisher, distributor, etc. Crossway,
Date of publication, distribution, etc. 2010.
300 ## - PHYSICAL DESCRIPTION
Extent 22 p. ;
Dimensions 22 cm.
336 ## - CONTENT TYPE
Content type term text
Content type code txt
Source rdacontent
337 ## - MEDIA TYPE
Media type term unmediated
Media type code n
Source rdamedia
338 ## - CARRIER TYPE
Carrier type term volume
Carrier type code nc
Source rdacarrier
500 ## - GENERAL NOTE
General note Includes bibliographical references and indexes.
505 0# - FORMATTED CONTENTS NOTE
Formatted contents note My pilgrimage -- Deep help from a dead friend -- What do I mean by thinking? -- The place of thinking in coming to faith : mental adultery is no escape -- The place of thinking in coming to faith : rational gospel, spiritual light -- Treasuring God with all your mind -- Jesus meets the relativists -- Exposing relativism -- Unhelpful anti-intellectual impulses in our history -- You have hidden these things from the wise and understanding -- In the wisdom of God the world did not know God through wisdom -- The knowledge that loves -- All scholarship for the love of God and man.
650 #0 - SUBJECT ADDED ENTRY--TOPICAL TERM
Topical term or geographic name as entry element Thought and thinking
General subdivision Religious aspects
-- Christianity.
650 #0 - SUBJECT ADDED ENTRY--TOPICAL TERM
Topical term or geographic name as entry element Learning and scholarship
General subdivision Religious aspects
-- Christianity.
906 ## - LOCAL DATA ELEMENT F, LDF (RLIN)
a 7
b cbc
c orignew
d 1
e ecip
f 20
g y-gencatlg
942 ## - ADDED ENTRY ELEMENTS (KOHA)
Source of classification or shelving scheme Library of Congress Classification
Koha item type General Collection
Holdings
Withdrawn status Lost status Source of classification or shelving scheme Not for loan Home library Current library Shelving location Date acquired Source of acquisition Inventory number Total Checkouts Full call number Barcode Date last seen Copy number Price effective from Koha item type
    Library of Congress Classification   Kabarak, Main Campus Kabarak, Main Campus General Stacks 28/11/2025 Donation 2025/2348   BV4598.4 .P56 2010 C.1 39683 28/11/2025 C.1 28/11/2025 General Collection
Designed with assistance from East African Informatics Ltd